[Event "Bydgoszcz-Torun m"]
[Site "Bydgoszcz"]
[Date "2000.12.10"]
[Round "1"]
[White "Mazalon, Mariusz"]
[Black "Jablonski, Lukasz"]
[Result "1-0"]
[WhiteElo "2207"]
[BlackElo "2161"]
[PlyCount "69"]
[EventDate "2000.12.10"]
[EventType "team-tourn"]
[EventRounds "1"]
[EventCountry "POL"]
[SourceTitle "EXT 2007"]
[Source "ChessBase"]
[SourceDate "2006.11.23"]
[SourceVersion "1"]
[SourceVersionDate "2006.11.23"]
[SourceQuality "1"]

1. d4 Nf6 2. Nf3 d6 3. c4 g6 4. Nc3 Bg7 5. e4 0-0 6. Be2 Nbd7 7. 0-0 e5 8. Be3 c6 9. Qc2 Re8 10. d5 c5 11. Nd2 Rf8 12. a3 Ne8 13. b4 b6 14. bxc5 bxc5 15. Qa4 f5 16. f3 f4 17. Bf2 Ndf6 18. Rab1 Rf7 19. Rb2 Bd7 20. Qc2 g5 21. Rfb1 Bc8 22. Qa4 Bd7 23. Qa6 Bf8 24. Bd1 g4 25. Ba4 Bxa4 26. Qxa4 Rg7 27. Rb7 Nc7 28. Bh4 Be7 29. Bxf6 Bxf6 30. Qc6 gxf3 31. Nxf3 Rc8 32. Rxa7 Be7 33. Rab7 h5 34. Na4 Qe8 35. Rxc7 1-0

[Event "POL-chT U18"]
[Site "Poland"]
[Date "1996.??.??"]
[Round "?"]
[White "Jablonski, Lukasz"]
[Black "Jurkiewicz, Miroslaw"]
[Result "1/2-1/2"]
[WhiteElo "2055"]
[BlackElo "2115"]
[PlyCount "21"]
[EventDate "1996.??.??"]
[EventType "team-tourn"]
[EventRounds "11"]
[EventCountry "POL"]
[SourceTitle "EXT 1999"]
[Source "ChessBase"]
[SourceDate "1998.11.16"]
[SourceVersion "1"]
[SourceVersionDate "1998.11.16"]
[SourceQuality "1"]

1. e4 e5 2. Nc3 Nf6 3. g3 d5 4. exd5 Nxd5 5. Bg2 Nxc3 6. bxc3 Be7 7. Ne2 0-0 8. 0-0 c6 9. d4 exd4 10. cxd4 Bf5 11. c4 1/2-1/2

[Event "POL-chT U18"]
[Site "Poland"]
[Date "1996.??.??"]
[Round "?"]
[White "Jablonski, Lukasz"]
[Black "Koc, Przemyslaw"]
[Result "0-1"]
[WhiteElo "2055"]
[BlackElo "2230"]
[PlyCount "72"]
[EventDate "1996.??.??"]
[EventType "team-tourn"]
[EventRounds "11"]
[EventCountry "POL"]
[SourceTitle "EXT 1999"]
[Source "ChessBase"]
[SourceDate "1998.11.16"]
[SourceVersion "1"]
[SourceVersionDate "1998.11.16"]
[SourceQuality "1"]

1. e4 c5 2. Nc3 Nc6 3. f4 e6 4. Nf3 Nge7 5. Bb5 Nd4 6. Nxd4 cxd4 7. Ne2 a6 8. Bd3 Nc6 9. c3 dxc3 10. dxc3 Bc5 11. Ng3 b5 12. Qg4 g6 13. b4 Ba7 14. Qe2 a5 15. Be3 axb4 16. Bxa7 Rxa7 17. cxb4 Nxb4 18. 0-0 Qb6+ 19. Kh1 Nxd3 20. Qxd3 Bb7 21. f5 exf5 22. exf5 0-0 23. f6 Kh8 24. Qd2 Qc6 25. Rf2 Rg8 26. Qh6 Qc5 27. Re2 Ra6 28. Rf1 Re6 29. Ref2 d5 30. Rf4 Qe3 31. R1f3 Qc1+ 32. Rf1 Re1 33. Qxh7+ Kxh7 34. Rh4+ Qh6 35. Rxh6+ Kxh6 36. Rxe1 Bc8 0-1

[Event "POL-chT U18"]
[Site "Poland"]
[Date "1996.??.??"]
[Round "?"]
[White "Jablonski, Lukasz"]
[Black "Martowicz, Krzysztof"]
[Result "1-0"]
[WhiteElo "2055"]
[BlackElo "2100"]
[PlyCount "101"]
[EventDate "1996.??.??"]
[EventType "team-tourn"]
[EventRounds "11"]
[EventCountry "POL"]
[SourceTitle "EXT 1999"]
[Source "ChessBase"]
[SourceDate "1998.11.16"]
[SourceVersion "1"]
[SourceVersionDate "1998.11.16"]
[SourceQuality "1"]

1. e4 g6 2. d4 Bg7 3. Nc3 d6 4. Be3 Nf6 5. f3 c6 6. Qd2 h5 7. 0-0-0 b5 8. h4 a5 9. Nh3 a4 10. Ng5 b4 11. Nb1 Qa5 12. Bd3 Nbd7 13. f4 Ng4 14. e5 dxe5 15. Bc4 e6 16. fxe5 Nb6 17. Be2 Nh6 18. Rhf1 Nf5 19. Bd3 Ba6 20. Ne4 Nc4 21. Rxf5 gxf5 22. Nd6+ Kd7 23. Nxc4 Bxc4 24. Bxc4 Bf8 25. Qf2 Kc7 26. Nd2 Be7 27. Nf3 b3 28. cxb3 axb3 29. Bxb3 Rhb8 30. Nd2 Rb4 31. Nc4 Qb5 32. Qc2 Rg8 33. Nd6 Bxd6 34. exd6+ Kd7 35. d5 c5 36. dxe6+ fxe6 37. Bd2 Rxg2 38. Re1 c4 39. Qc3 Qc6 40. Qxb4 cxb3+ 41. Bc3 bxa2 42. Qa3 Qc5 43. Qa4+ Qc6 44. Qa7+ Kc8 45. d7+ Qxd7 46. Qa8+ Kc7 47. Qxa2 Rg4 48. Qa7+ Kc6 49. Qa3 Kc7 50. Be5+ Kd8 51. Rd1 1-0

[Event "POL-chT2 U18"]
[Site "Augustow"]
[Date "1996.??.??"]
[Round "?"]
[White "Jablonski, Lukasz"]
[Black "Szczecina, Michal"]
[Result "1-0"]
[WhiteElo "2055"]
[BlackElo "2085"]
[PlyCount "59"]
[EventDate "1996.??.??"]
[EventType "team-tourn"]
[EventRounds "10"]
[EventCountry "POL"]
[SourceTitle "EXT 2003"]
[Source "ChessBase"]
[SourceDate "2002.11.25"]
[SourceVersion "1"]
[SourceVersionDate "2002.11.25"]
[SourceQuality "1"]

1. e4 e5 2. d4 exd4 3. Qxd4 Nc6 4. Qe3 Nf6 5. Nc3 Bb4 6. Bd2 0-0 7. 0-0-0 d6 8. f3 Ne5 9. g4 Bc5 10. Qf4 Ng6 11. Qg3 h5 12. h3 Re8 13. Bg5 h4 14. Qg2 Re5 15. Bd2 Re8 16. f4 Bb4 17. f5 Nf8 18. Bd3 Bd7 19. g5 Nh5 20. Nge2 Bc6 21. Qg4 Ng3 22. Nxg3 hxg3 23. g6 Re7 24. Bc4 Be8 25. f6 Ne6 26. fxe7 Qxe7 27. Bxe6 fxe6 28. Qh5 Qf6 29. Qh7+ Kf8 30. Rhf1 1-0

[Event "POL-chT U18"]
[Site "Poland"]
[Date "1996.??.??"]
[Round "?"]
[White "Polkowski, Piotr"]
[Black "Jablonski, Lukasz"]
[Result "1/2-1/2"]
[WhiteElo "2155"]
[BlackElo "2055"]
[PlyCount "28"]
[EventDate "1996.??.??"]
[EventType "team-tourn"]
[EventRounds "11"]
[EventCountry "POL"]
[SourceTitle "EXT 1999"]
[Source "ChessBase"]
[SourceDate "1998.11.16"]
[SourceVersion "1"]
[SourceVersionDate "1998.11.16"]
[SourceQuality "1"]

1. e4 e5 2. Nf3 Nc6 3. Bc4 Nf6 4. d3 Be7 5. Nc3 0-0 6. 0-0 d6 7. h3 Na5 8. Bb3 Nxb3 9. axb3 c5 10. Ne2 Ne8 11. Ng3 g6 12. Nh2 f5 13. exf5 gxf5 14. f4 Ng7 1/2-1/2